000 00306nam a22001217a 4500
008 170602b xxu||||| |||| 00| 0 eng d
041 _aeng
080 _a94&/8)
100 _a17
101 _aSHH
245 _aASSIMILATION COLONIALISN AND THE MEXICAN AMERICAN PEOPLE
_cMURGUIA.E
942 _2udc
_cBK
999 _c15761
_d15761